[Event "Mittelfrank Regionalliga Sud-West 2223"]
[Site "Mittelfranken"]
[Date "2022.10.23"]
[Round "2.4"]
[White "Zimmermann, Dietmar"]
[Black "Zwick, Werner"]
[Result "1/2-1/2"]
[WhiteElo "1976"]
[BlackElo "1874"]
[PlyCount "65"]
[EventDate "2022.10.09"]
[EventType "team-tourn"]
[EventRounds "9"]
[EventCountry "GER"]
[SourceTitle "EXT 2024"]
[Source "ChessBase"]
[SourceDate "2023.10.10"]
[SourceVersion "1"]
[SourceVersionDate "2023.10.10"]
[SourceQuality "1"]
[WhiteTeam "Augsburg Rochade"]
[BlackTeam "Haunstetten II"]
[WhiteTeamCountry "GER"]
[BlackTeamCountry "GER"]

1. e4 e6 2. d4 d5 3. Nd2 dxe4 4. Nxe4 Nd7 5. Nf3 Ngf6 6. Nxf6+ Nxf6 7. c3 Be7 8. Bd3 Bd7 9. 0-0 0-0 10. Qc2 c5 11. Be3 Qc7 12. Ne5 Rfd8 13. Rfe1 Rac8 14. Rad1 Be8 15. Qe2 cxd4 16. Bxd4 Bc5 17. Bxc5 Qxc5 18. h3 Rd5 19. c4 Rd6 20. Bc2 Rcd8 21. Rxd6 Rxd6 22. Rd1 Rxd1+ 23. Bxd1 Qd4 24. b3 Kf8 25. Nf3 Qd6 26. Bc2 h6 27. Ne5 Qd4 28. a4 a5 29. Nf3 Qd6 30. Qe3 b6 31. Ne5 Nd7 32. Nxd7+ Bxd7 33. h4 1/2-1/2

[Event "Mittelfrank Regionalliga Sud-West 2122"]
[Site "Mittelfranken"]
[Date "2022.03.20"]
[Round "4.4"]
[White "Zimmermann, Dietmar"]
[Black "Jachs, Walter"]
[Result "1-0"]
[WhiteElo "2007"]
[BlackElo "2016"]
[PlyCount "113"]
[EventDate "2021.10.24"]
[EventType "team-tourn"]
[EventRounds "9"]
[EventCountry "GER"]
[SourceTitle "EXT 2024"]
[Source "ChessBase"]
[SourceDate "2023.10.10"]
[SourceVersion "1"]
[SourceVersionDate "2023.10.10"]
[SourceQuality "1"]
[WhiteTeam "Augsburg Rochade"]
[BlackTeam "Haar"]
[WhiteTeamCountry "GER"]
[BlackTeamCountry "GER"]

1. e4 d6 2. d4 Nf6 3. Nc3 g6 4. Be3 c6 5. a4 Bg7 6. Qd2 0-0 7. Bh6 Bxh6 8. Qxh6 Qa5 9. Qd2 b5 10. b4 Qxb4 11. Rb1 Qa5 12. axb5 cxb5 13. Rxb5 Qc7 14. Rb3 Nc6 15. Nf3 Bg4 16. Nb5 Qc8 17. h3 Bxf3 18. gxf3 a6 19. Na3 e5 20. c3 d5 21. exd5 Na5 22. Rb1 Re8 23. c4 exd4+ 24. Kd1 Nb7 25. Qxd4 Nd7 26. h4 Ne5 27. Be2 Nd6 28. f4 Nd7 29. Bf3 Nf5 30. Qc3 Qc7 31. Qd2 Qc5 32. Rb3 Rab8 33. Rd3 Nd6 34. Qc2 Rb4 35. Rc3 Reb8 36. Rf1 Rb2 37. Qd3 Rxf2 38. Rxf2 Qxf2 39. Qe3 Qxh4 40. c5 Re8 41. Qd2 Nxc5 42. Rxc5 Qf6 43. Rc1 h5 44. Nc4 Ne4 45. Qe3 Nd6 46. Ne5 g5 47. Bxh5 gxf4 48. Qg1+ Kh8 49. Nd7 Qb2 50. Qb6 Qg7 51. Rc2 Qa1+ 52. Kd2 Qe1+ 53. Kd3 Qe4+ 54. Kd2 Nc4+ 55. Rxc4 Qxc4 56. Qh6+ Kg8 57. Nf6# 1-0

[Event "Regionalliga Sued-West 1819"]
[Site "Bayern"]
[Date "2018.12.16"]
[Round "4.5"]
[White "Reif, Hermann"]
[Black "Zimmermann, Dietmar"]
[Result "1-0"]
[WhiteElo "1923"]
[BlackElo "1953"]
[PlyCount "61"]
[EventDate "2018.10.21"]
[EventType "team-tourn"]
[EventRounds "9"]
[EventCountry "GER"]
[SourceTitle "EXT 2022"]
[Source "ChessBase"]
[SourceDate "2021.10.06"]
[SourceVersion "1"]
[SourceVersionDate "2021.10.06"]
[SourceQuality "1"]
[WhiteTeam "Augsburg SF"]
[BlackTeam "Augsburg SK Rochade"]
[WhiteTeamCountry "GER"]
[BlackTeamCountry "GER"]

1. d4 d5 2. Nf3 Nf6 3. e3 e6 4. Bd3 b6 5. 0-0 Bd6 6. b3 0-0 7. Bb2 Bb7 8. Nbd2 c5 9. Ne5 Nc6 10. f4 Rc8 11. a3 Ne7 12. Qf3 Rc7 13. Qh3 Ne4 14. Bxe4 dxe4 15. Ndc4 b5 16. Nxd6 Qxd6 17. Rf2 c4 18. bxc4 bxc4 19. a4 Bd5 20. Ba3 Qa6 21. Bxe7 Rxe7 22. f5 exf5 23. Qxf5 Qb7 24. Rf4 Qb2 25. Raf1 Qxc2 26. Rh4 h6 27. Ng4 Be6 28. Nf6+ gxf6 29. Qxf6 Bh3 30. Rxh3 Re6 31. Rg3+ 1-0

[Event "Regionalliga Sued-West 1718"]
[Site "Bayern"]
[Date "2018.04.15"]
[Round "9.5"]
[White "Zimmermann, Dietmar"]
[Black "Osten, David"]
[Result "1/2-1/2"]
[WhiteElo "1989"]
[BlackElo "1966"]
[PlyCount "112"]
[EventDate "2017.10.22"]
[EventType "team-tourn"]
[EventRounds "9"]
[EventCountry "GER"]
[SourceTitle "EXT 2022"]
[Source "ChessBase"]
[SourceDate "2021.10.06"]
[SourceVersion "1"]
[SourceVersionDate "2021.10.06"]
[SourceQuality "1"]
[WhiteTeam "Augsburg SK Rochade"]
[BlackTeam "Garching III"]
[WhiteTeamCountry "GER"]
[BlackTeamCountry "GER"]

1. e4 e6 2. d4 d5 3. Nd2 Be7 4. Ngf3 Nf6 5. e5 Nfd7 6. Nb3 c5 7. c3 Nc6 8. Be2 0-0 9. h4 c4 10. Nbd2 f6 11. exf6 Bxf6 12. Nf1 e5 13. Be3 e4 14. Ng5 Re8 15. Bh5 g6 16. Ng3 Nf8 17. Bg4 b5 18. Bxc8 Rxc8 19. Qg4 Qd7 20. Qxd7 Nxd7 21. h5 Rb8 22. hxg6 hxg6 23. Ne2 Nf8 24. Nh3 b4 25. Nhf4 Red8 26. 0-0 Ne7 27. Rab1 Kf7 28. g4 Nh7 29. Nh3 Kg7 30. g5 Nf5 31. gxf6+ Nxf6 32. Bg5 Rh8 33. Kg2 Nh7 34. Ng3 Nxg5 35. Nxf5+ gxf5 36. Nxg5 Rh4 37. f3 Kf6 38. fxe4 dxe4 39. Nf3 exf3+ 40. Kxf3 bxc3 41. bxc3 Rh3+ 42. Kf4 Rg8 43. Rf3 Rg4+ 44. Ke3 Re4+ 45. Kf2 Rh2+ 46. Kg3 Rxa2 47. Rb5 Rg4+ 48. Kh3 Rg5 49. Rc5 Ke6 50. Re3+ Kd6 51. Ree5 Rf2 52. Red5+ Ke6 53. Re5+ Kf7 54. Rc7+ Kf6 55. Rc6+ Kf7 56. Rc7+ Kf6 1/2-1/2

[Event "Regionalliga Sued-West 1718"]
[Site "Bayern"]
[Date "2017.10.22"]
[Round "1.6"]
[White "Zimmermann, Dietmar"]
[Black "Loos, Stephan"]
[Result "1/2-1/2"]
[WhiteElo "1989"]
[BlackElo "2026"]
[PlyCount "53"]
[EventDate "2017.10.22"]
[EventType "team-tourn"]
[EventRounds "9"]
[EventCountry "GER"]
[SourceTitle "EXT 2022"]
[Source "ChessBase"]
[SourceDate "2021.10.06"]
[SourceVersion "1"]
[SourceVersionDate "2021.10.06"]
[SourceQuality "1"]
[WhiteTeam "Augsburg SK Rochade"]
[BlackTeam "Muenchen FC Bayern"]
[WhiteTeamCountry "GER"]
[BlackTeamCountry "GER"]

1. e4 d5 2. exd5 Qxd5 3. Nc3 Qa5 4. d4 c6 5. Bc4 Bf5 6. Bd2 e6 7. Qe2 Nf6 8. d5 cxd5 9. Nxd5 Qd8 10. Ne3 Bg6 11. 0-0-0 Be7 12. Bc3 Qc7 13. h4 Be4 14. Nf3 h6 15. Ne5 Nc6 16. N5g4 Qf4 17. Nxf6+ Bxf6 18. Bxf6 Qxf6 19. f3 Bh7 20. Nd5 Qd8 21. Nf4 Qe7 22. Qe3 0-0 23. Nh5 Bg6 24. Nf4 Bh7 25. Nh5 Bg6 26. Nf4 Bh7 27. Nh5 1/2-1/2

[Event "Leipzig VfB op 19th"]
[Site "Leipzig"]
[Date "2012.03.08"]
[Round "4"]
[White "Zimmermann, Dietmar"]
[Black "Graf, Alexander"]
[Result "0-1"]
[WhiteElo "2079"]
[BlackElo "2620"]
[PlyCount "86"]
[EventDate "2012.03.06"]
[EventType "swiss"]
[EventRounds "9"]
[EventCountry "GER"]
[SourceTitle "CBM 147 Extra"]
[Source "ChessBase"]
[SourceDate "2012.04.24"]
[SourceVersion "1"]
[SourceVersionDate "2012.04.24"]
[SourceQuality "1"]

1. e4 c6 2. d4 d5 3. Nc3 dxe4 4. Nxe4 Bf5 5. Ng3 Bg6 6. h4 h6 7. Nf3 Nd7 8. h5 Bh7 9. Bd3 Bxd3 10. Qxd3 e6 11. Bf4 Qa5+ 12. Bd2 Qc7 13. 0-0-0 Bd6 14. Ne4 Ngf6 15. Nxd6+ Qxd6 16. Qe2 Qd5 17. c4 Qf5 18. g3 b5 19. c5 Qd5 20. Kb1 Nxh5 21. Ka1 Nhf6 22. Be3 Qf5 23. Nh4 Qh7 24. g4 Nd5 25. Bc1 0-0-0 26. Rh3 Kb7 27. Ra3 Nb4 28. Rc3 Nf6 29. a3 Nbd5 30. Rb3 Qe4 31. Rxb5+ cxb5 32. Qxb5+ Nb6 33. cxb6 axb6 34. f3 Qc2 35. Qf1 Nd5 36. Ng2 Qb3 37. Rd3 Qb5 38. Qd1 Rc8 39. Bf4 Rc6 40. Rb3 Qc4 41. Be3 Qc2 42. Qxc2 Rxc2 43. Nf4 Rd8 0-1

[Event "Leipzig VfB op 19th"]
[Site "Leipzig"]
[Date "2012.03.07"]
[Round "3"]
[White "Hauff, Andre"]
[Black "Zimmermann, Dietmar"]
[Result "0-1"]
[WhiteElo "1984"]
[BlackElo "2079"]
[PlyCount "70"]
[EventDate "2012.03.06"]
[EventType "swiss"]
[EventRounds "9"]
[EventCountry "GER"]
[SourceTitle "CBM 147 Extra"]
[Source "ChessBase"]
[SourceDate "2012.04.24"]
[SourceVersion "1"]
[SourceVersionDate "2012.04.24"]
[SourceQuality "1"]

1. d4 d5 2. c4 e6 3. Nc3 Nf6 4. cxd5 exd5 5. Bg5 Be7 6. Qc2 c6 7. e3 0-0 8. Bd3 Nbd7 9. Nge2 Re8 10. 0-0 Nf8 11. f3 g6 12. e4 dxe4 13. fxe4 Ng4 14. Bxe7 Qxe7 15. Qd2 Kg7 16. h3 Nh6 17. Rae1 f6 18. Ng3 Ng8 19. e5 f5 20. Kh2 Be6 21. Qf4 Red8 22. Rd1 b5 23. d5 cxd5 24. Nxb5 Kh8 25. Nd4 Qf7 26. b3 Ne7 27. Nb5 Nc6 28. Nd6 Qg7 29. Rfe1 Rab8 30. Rc1 Rb6 31. Bb5 Nxe5 32. Ne8 Rxe8 33. Bxe8 Nd3 34. Qc7 Qxc7 35. Rxc7 Nxe1 0-1

[Event "Augsburg Afro op-A 18th"]
[Site "Augsburg"]
[Date "2011.08.04"]
[Round "2"]
[White "Braun, Stefan"]
[Black "Zimmermann, Dietmar"]
[Result "1/2-1/2"]
[WhiteElo "1901"]
[BlackElo "2090"]
[PlyCount "42"]
[EventDate "2011.08.04"]
[EventType "swiss"]
[EventRounds "7"]
[EventCountry "GER"]
[SourceTitle "EXT 2015"]
[Source "ChessBase"]
[SourceDate "2014.11.20"]
[SourceVersion "1"]
[SourceVersionDate "2014.11.20"]
[SourceQuality "1"]

1. d4 d5 2. c4 e6 3. Nc3 Nf6 4. Nf3 Be7 5. g3 dxc4 6. Qa4+ Bd7 7. Qxc4 Bc6 8. Bg2 0-0 9. 0-0 Nbd7 10. Rd1 h6 11. Bf4 Nb6 12. Qd3 Nbd5 13. Nxd5 Bxd5 14. Nd2 Bxg2 15. Kxg2 Nd5 16. Qf3 g5 17. e4 Nb4 18. Be3 f5 19. Nb3 fxe4 20. Qxe4 Qd5 21. Qxd5 Nxd5 1/2-1/2

[Event "Deizisau op 5th"]
[Site "Deizisau"]
[Date "2010.11.01"]
[Round "6"]
[White "Strunski, Andreas"]
[Black "Zimmermann, Dietmar"]
[Result "1-0"]
[WhiteElo "2370"]
[BlackElo "2111"]
[PlyCount "89"]
[EventDate "2010.10.29"]
[EventType "swiss"]
[EventRounds "7"]
[EventCountry "GER"]
[SourceTitle "EXT 2011"]
[Source "ChessBase"]
[SourceDate "2010.11.26"]
[SourceVersion "1"]
[SourceVersionDate "2010.11.26"]
[SourceQuality "1"]

1. d4 d5 2. c4 e6 3. Nc3 Nf6 4. cxd5 exd5 5. Bg5 Be7 6. e3 c6 7. Bd3 0-0 8. Nge2 Ne4 9. Bxe7 Qxe7 10. Bxe4 dxe4 11. Qc2 f5 12. d5 Na6 13. 0-0 Nb4 14. Qb3 Nxd5 15. Nxd5 cxd5 16. Qxd5+ Be6 17. Qe5 Qf6 18. Qxf6 Rxf6 19. Nd4 Bd7 20. Rac1 Bc6 21. Rc5 g6 22. Rfc1 Rd8 23. g3 Rdd6 24. Kf1 Kf7 25. Ke1 Ke7 26. R1c3 h6 27. h4 Bd7 28. Ra3 a6 29. Rb3 b6 30. Rc7 Kd8 31. Ra7 b5 32. Rc3 Rb6 33. Ra8+ Ke7 34. Rh8 h5 35. Rc7 Rf7 36. b4 Kd6 37. Ra7 Rf6 38. Rg8 Be6 39. Rd8+ Ke5 40. Re7 Rd6 41. Rde8 Kd5 42. Rc7 Ke5 43. Nc6+ Kd5 44. Ne7+ Ke5 45. Rc5+ 1-0